Statistics for ABC: The Remaining A Presses

Click here to take the quiz!

General Stats

  • This quiz has been taken 14 times
    (8 since last reset)
  • The average score is 9 of 12

Answer Stats

A Press #MultiplicityPurposeLocation% Correct
111To go to RRCastle
100%
103To enter TTC (6 except on JP N64)Castle
100%
121To go to WMotRCastle
100%
11To collect the chest starJRB
86%
22To get out of the pyramid elevatorSSL
86%
51To get out of the pendulum box pedro spot with vertical speedTTC
86%
91To get past the pole (saved on Wii VC)BitFS
71%
31To double jump to a higher platform and collect red coinsTHI
57%
41To dive to the upper platform and grab the high red coinTHI
57%
61To collect the starPSS
43%
71To shoot out of the cannon after talking to the Bob-omb Buddy to reach the next cannonWMotR
43%
81To shoot out of the second cannon, fly around, and collect the eight red coinsWMotR
43%

Score Distribution

Percentile by Number Answered

Percent of People with Each Score

Your Score History

You have not taken this quiz since the last reset